| 000 | 00763nam a2200205Ii 4500 | ||
|---|---|---|---|
| 003 | JO-AjNU | ||
| 008 | 230605s9999||||xx |||||||||||||| ||und|| | ||
| 017 | _a1987/1017 | ||
| 040 |
_aJO-AjNU _bara _erda _cJO-AjNU |
||
| 041 | _aara | ||
| 050 | 1 | 4 | _aDS37.8.J3292 1987 |
| 100 | 3 |
_aالجبوري، نهاد عباس شهاب, _eauthor _938980 |
|
| 245 | 0 | 0 | _aالعمليات التعرضية والدفاعية عند المسلمين |
| 264 | 3 | 1 | _aبغداد: دار الحرية، 1987 |
| 300 |
_a212ص _bخرائط توضيحية |
||
| 336 |
_atext _btxt _2rdacontent |
||
| 337 |
_aunmediated _bn _2rdamedia |
||
| 338 |
_avolume _bnc _2rdacarrier |
||
| 650 | 4 |
_aمعارك حربية اسلامية- تنظيم وادارة غزوات اسلامية _938981 |
|
| 999 |
_aA16424 _c19992 _d19992 |
||